| 000 | 00695nam a22001817a 4500 | ||
|---|---|---|---|
| 005 | 20251108165258.0 | ||
| 008 | 250721s1996 xx 000 0 ara d | ||
| 082 | 1 | 4 | _a956.462/عطي |
| 100 | 1 | _aالنجار، عطيه عبد الحفيظ | |
| 245 | 1 | 0 |
_aقرية جمزو من قرى فلسطين : _bدراسة عامة : الأرض و السكان و التراث و الذاكرة / |
| 264 | 1 |
_aعمان : _bدار الجليل للنشر و الدراسات و الأبحاث الفلسطينيه، _c1996. |
|
| 300 | _a408ص | ||
| 650 | 1 | 7 | _aتاريخ فلسطين |
| 650 | 1 | 7 | _aالرمله ( مدينه ) |
| 650 | 1 | 7 | _aجمزو ( قريه ) |
| 942 |
_2ddc _cBK |
||
| 999 |
_c23982 _d23982 |
||